| 000 | 00884cam a2200277 4500 | ||
|---|---|---|---|
| 001 | 1282 | ||
| 005 | 20230815133051.0 | ||
| 008 | 740813s1975 nyua j 000 1 eng | ||
| 020 |
_a0688220150 _a0688320155 (lib. bdg.) |
||
| 040 |
_aDLC _cDLC _dDLC _beng |
||
| 050 | 0 | 0 |
_aPZ7.C5792 _bRaj |
| 082 | 0 | 0 | _a[Fic] |
| 100 | 1 | _aCleary, Beverly. | |
| 245 | 1 | 0 |
_aRamona the brave. _cIllustrated by Alan Tiegreen. |
| 250 | _aFirst Scholastic printing, January 2000 | ||
| 260 |
_aNew York, _bMorrow, _c1975. |
||
| 300 |
_a189 pages : _bIllustrations ; _c20 cm |
||
| 505 | _aU | ||
| 520 | _aSix-year-old Ramona tries to cope with an unsympathetic first-grade teacher. | ||
| 521 |
_a820
_bLexile |
||
| 521 |
_aU
_bRaz-Plus |
||
| 650 | 1 |
_aSchools _xFiction. |
|
| 700 | 1 |
_aTiegreen, Alan _eIllustrator |
|
| 906 |
_a7 _bcbc _corignew _d1 _eocip _f19 _gy-gencatlg |
||
| 942 |
_2ddc _cBK _n0 |
||
| 999 |
_c1282 _d1282 |
||